[Event "Davao City MDYCC 5th"]
[Site "Davao City"]
[Date "2020.02.09"]
[Round "4"]
[White "Jorgio, Andre Miguel"]
[Black "Tabudlong, Zsuzsa Grace A"]
[Result "1-0"]
[WhiteElo "1756"]
[BlackElo "1664"]
[PlyCount "57"]
[EventDate "2020.02.08"]
[EventType "tourn"]
[EventRounds "9"]
[EventCountry "PHI"]
[SourceTitle "CBM 195 Extra"]
[Source "ChessBase"]
[SourceDate "2020.05.31"]
[SourceVersion "1"]
[SourceVersionDate "2020.05.31"]
[SourceQuality "1"]

1. d4 d5 2. Bf4 Bf5 3. c4 e6 4. Nc3 c6 5. e3 Bd6 6. Bg3 Nf6 7. Qb3 b6 8. Nf3 Bxg3 9. hxg3 Nbd7 10. cxd5 cxd5 11. Nh4 Bg6 12. Nxg6 fxg6 13. Be2 0-0 14. f4 Qe7 15. g4 h6 16. Qc2 Rac8 17. Qxg6 Qf7 18. Rxh6 Qxg6 19. Rxg6 Kf7 20. Bd3 Rh8 21. Kf2 Rh6 22. Rxh6 Nxg4+ 23. Kf3 Nxh6 24. Nb5 Ra8 25. Rc1 Ke7 26. Rc6 Nf7 27. Nc7 Rh8 28. Rxe6+ Kd8 29. Nxd5 1-0

[Event "Davao City MDYCC 5th"]
[Site "Davao City"]
[Date "2020.02.08"]
[Round "3"]
[White "Jorgio, Andre Miguel"]
[Black "Villanueva, Ralph Jason"]
[Result "1-0"]
[WhiteElo "1756"]
[BlackElo "1790"]
[PlyCount "43"]
[EventDate "2020.02.08"]
[EventType "tourn"]
[EventRounds "9"]
[EventCountry "PHI"]
[SourceTitle "CBM 195 Extra"]
[Source "ChessBase"]
[SourceDate "2020.05.31"]
[SourceVersion "1"]
[SourceVersionDate "2020.05.31"]
[SourceQuality "1"]

1. d4 Nf6 2. Bf4 g6 3. e3 Bg7 4. Nd2 d6 5. Be2 0-0 6. h3 c5 7. c3 Nc6 8. Ngf3 Be6 9. 0-0 Qb6 10. Qc1 cxd4 11. exd4 d5 12. Ne5 Nh5 13. Bxh5 gxh5 14. Ndf3 Nxe5 15. dxe5 Rac8 16. Nd4 f6 17. Bh6 Qxd4 18. cxd4 Rxc1 19. Bxc1 fxe5 20. dxe5 Bxe5 21. Re1 Bd4 22. Rxe6 1-0